[Event "ODJM C 2025"]
[Site "Willingen GER"]
[Date "2025.06.11"]
[Round "5"]
[White "Hirtzel, Amelie Meiyan"]
[Black "Fabritius, Heinrich"]
[Result "0-1"]
[Termination "normal"]
[Board "13"]
[WhiteElo "1172"]
[BlackElo "1224"]
[WhiteClock "00:38:21"]
[BlackClock "00:31:12"]
[PlyCount "72"]
[WhiteFideId "533001898"]
[BlackFideId "533026238"]
[EventCountry "GER"]
[EventRounds "9"]
[EventType "swiss"]
[EventDate "2025.06.07"]

1. d4 {[%clk 01:30:58]} {[%emt 00:00:02]} d5 {[%clk 01:30:53]} {[%emt
00:00:07]} 2. c4 {[%clk 01:31:23]} {[%emt 00:00:05]} e6 {[%clk 01:31:17]}
{[%emt 00:00:06]} 3. cxd5 {[%clk 01:31:47]} {[%emt 00:00:07]} exd5 {[%clk
01:31:06]} {[%emt 00:00:40]} 4. g3 {[%clk 01:32:05]} {[%emt 00:00:13]} Nf6
{[%clk 01:31:21]} {[%emt 00:00:15]} 5. Bg2 {[%clk 01:32:22]} {[%emt 00:00:12]}
Bf5 {[%clk 01:31:13]} {[%emt 00:00:38]} 6. Nf3 {[%clk 01:32:30]} {[%emt
00:00:22]} Bd6 {[%clk 01:31:18]} {[%emt 00:00:25]} 7. O-O {[%clk 01:32:46]}
{[%emt 00:00:14]} O-O {[%clk 01:31:30]} {[%emt 00:00:18]} 8. Nc3 {[%clk
01:32:47]} {[%emt 00:00:29]} c6 {[%clk 01:31:16]} {[%emt 00:00:44]} 9. Bg5
{[%clk 01:32:09]} {[%emt 00:01:08]} Nbd7 {[%clk 01:31:00]} {[%emt 00:00:46]}
10. a3 {[%clk 01:29:01]} {[%emt 00:03:39]} h6 {[%clk 01:29:58]} {[%emt
00:01:31]} 11. Bd2 {[%clk 01:26:16]} {[%emt 00:03:14]} Qc7 {[%clk 01:28:44]}
{[%emt 00:01:45]} 12. b4 {[%clk 01:23:57]} {[%emt 00:02:49]} b6 {[%clk
01:25:07]} {[%emt 00:04:08]} 13. Qb3 {[%clk 01:18:48]} {[%emt 00:05:38]} Be6
{[%clk 01:18:55]} {[%emt 00:06:42]} 14. Rac1 {[%clk 01:12:48]} {[%emt
00:06:31]} a6 {[%clk 01:09:04]} {[%emt 00:10:20]} 15. Qc2 {[%clk 01:06:03]}
{[%emt 00:07:15]} Rac8 {[%clk 01:01:55]} {[%emt 00:07:40]} 16. e4 {[%clk
01:01:57]} {[%emt 00:04:36]} dxe4 {[%clk 00:57:56]} {[%emt 00:04:28]} 17. Nxe4
{[%clk 01:02:05]} {[%emt 00:00:22]} Nxe4 {[%clk 00:57:56]} {[%emt 00:00:30]}
18. Qxe4 {[%clk 01:02:23]} {[%emt 00:00:12]} Bd5 {[%clk 00:56:31]} {[%emt
00:01:56]} 19. Qd3 {[%clk 01:01:01]} {[%emt 00:01:50]} b5 {[%clk 00:53:08]}
{[%emt 00:03:55]} 20. Rfe1 {[%clk 00:58:51]} {[%emt 00:02:39]} Nb6 {[%clk
00:48:27]} {[%emt 00:05:11]} 21. Ra1 {[%clk 00:50:55]} {[%emt 00:08:25]} Nc4
{[%clk 00:45:11]} {[%emt 00:03:47]} 22. Bc3 {[%clk 00:49:58]} {[%emt 00:01:27]}
Rfe8 {[%clk 00:41:13]} {[%emt 00:04:29]} 23. Bd2 {[%clk 00:47:08]} {[%emt
00:03:19]} Qb6 {[%clk 00:35:34]} {[%emt 00:06:09]} 24. Re2 {[%clk 00:42:44]}
{[%emt 00:04:54]} Nb2 {[%clk 00:33:13]} {[%emt 00:02:51]} 25. Qc2 {[%clk
00:41:58]} {[%emt 00:01:16]} Rxe2 {[%clk 00:32:23]} {[%emt 00:01:20]} 26. Kf1
{[%clk 00:41:28]} {[%emt 00:01:00]} Bc4 {[%clk 00:31:28]} {[%emt 00:01:25]} 27.
Qxb2 {[%clk 00:41:31]} {[%emt 00:00:27]} Rxd2+ {[%clk 00:31:41]} {[%emt
00:00:17]} 28. Ke1 {[%clk 00:41:45]} {[%emt 00:00:16]} Rxb2 {[%clk 00:32:03]}
{[%emt 00:00:08]} 29. Nd2 {[%clk 00:41:32]} {[%emt 00:00:42]} Re8+ {[%clk
00:31:49]} {[%emt 00:00:45]} 30. Kd1 {[%clk 00:41:51]} {[%emt 00:00:15]} Re2
{[%clk 00:31:19]} {[%emt 00:00:56]} 31. Kc1 {[%clk 00:40:34]} {[%emt 00:01:48]}
Rexd2 {[%clk 00:30:55]} {[%emt 00:00:54]} 32. f4 {[%clk 00:39:46]} {[%emt
00:01:18]} Rbc2+ {[%clk 00:31:05]} {[%emt 00:00:20]} 33. Kb1 {[%clk 00:40:04]}
{[%emt 00:00:12]} Bd3 {[%clk 00:31:00]} {[%emt 00:00:34]} 34. Bf3 {[%clk
00:39:08]} {[%emt 00:01:27]} Qxd4 {[%clk 00:30:39]} {[%emt 00:00:50]} 35. h4
{[%clk 00:37:55]} {[%emt 00:01:42]} Qg1+ {[%clk 00:30:32]} {[%emt 00:00:08]}
36. Bd1 {[%clk 00:38:21]} {[%emt 00:00:49]} Rxd1# {[%clk 00:31:12]} {[%emt
00:00:14]} 0-1

[Event "ODJM C 2025"]
[Site "Willingen GER"]
[Date "2025.06.11"]
[Round "5"]
[White "Holzhäuser, Thibaut Lautaro"]
[Black "Trunz, Daniel"]
[Result "1-0"]
[Termination "normal"]
[Board "14"]
[WhiteElo "1035"]
[BlackElo "1495"]
[WhiteClock "00:49:40"]
[BlackClock "00:25:08"]
[PlyCount "121"]
[WhiteFideId "34679731"]
[BlackFideId "34640797"]
[EventCountry "GER"]
[EventRounds "9"]
[EventType "swiss"]
[EventDate "2025.06.07"]

1. e4 {[%clk 01:30:58]} {[%emt 00:00:02]} e5 {[%clk 01:30:59]} {[%emt
00:00:02]} 2. Nf3 {[%clk 01:31:22]} {[%emt 00:00:06]} Nc6 {[%clk 01:31:20]}
{[%emt 00:00:09]} 3. Bc4 {[%clk 01:31:47]} {[%emt 00:00:05]} Bc5 {[%clk
01:31:10]} {[%emt 00:00:39]} 4. c3 {[%clk 01:31:40]} {[%emt 00:00:37]} d6
{[%clk 01:31:06]} {[%emt 00:00:34]} 5. d4 {[%clk 01:30:44]} {[%emt 00:01:26]}
exd4 {[%clk 01:31:18]} {[%emt 00:00:18]} 6. cxd4 {[%clk 01:31:05]} {[%emt
00:00:09]} Bb6 {[%clk 01:27:51]} {[%emt 00:03:57]} 7. Nc3 {[%clk 01:25:28]}
{[%emt 00:06:07]} Bg4 {[%clk 01:26:25]} {[%emt 00:01:56]} 8. Be3 {[%clk
01:22:48]} {[%emt 00:03:10]} Nf6 {[%clk 01:24:53]} {[%emt 00:02:02]} 9. d5
{[%clk 01:18:54]} {[%emt 00:04:24]} Ne5 {[%clk 01:23:57]} {[%emt 00:01:25]} 10.
Be2 {[%clk 01:18:42]} {[%emt 00:00:43]} Ba5 {[%clk 01:23:53]} {[%emt 00:00:35]}
11. Nxe5 {[%clk 01:18:56]} {[%emt 00:00:15]} Bxe2 {[%clk 01:22:37]} {[%emt
00:01:45]} 12. Qxe2 {[%emt 00:00:09]} dxe5 {[%clk 01:22:00]} {[%emt 00:01:06]}
13. Qb5+ {[%clk 01:18:55]} {[%emt 00:00:48]} c6 {[%clk 01:21:43]} {[%emt
00:00:54]} 14. dxc6 {[%clk 01:19:10]} {[%emt 00:00:13]} O-O {[%clk 01:18:53]}
{[%emt 00:03:19]} 15. cxb7 {[%clk 01:19:12]} {[%emt 00:00:30]} Rb8 {[%clk
01:18:42]} {[%emt 00:00:40]} 16. Bxa7 {[%clk 01:19:24]} {[%emt 00:00:18]} Rxb7
{[%clk 01:16:45]} {[%emt 00:02:27]} 17. Qxb7 {[%clk 01:18:59]} {[%emt
00:00:56]} Qd3 {[%clk 01:15:30]} {[%emt 00:01:44]} 18. Rd1 {[%clk 01:11:19]}
{[%emt 00:08:10]} Qc4 {[%clk 01:14:43]} {[%emt 00:01:18]} 19. Qb3 {[%clk
01:07:00]} {[%emt 00:04:49]} Qxe4+ {[%clk 01:13:03]} {[%emt 00:02:09]} 20. Be3
{[%clk 01:07:19]} {[%emt 00:00:10]} Qxg2 {[%clk 01:12:07]} {[%emt 00:01:27]}
21. Kd2 {[%clk 01:06:32]} {[%emt 00:01:17]} Ne4+ {[%clk 01:10:09]} {[%emt
00:02:29]} 22. Kc2 {[%clk 01:06:50]} {[%emt 00:00:11]} Rc8 {[%clk 01:06:00]}
{[%emt 00:04:40]} 23. Bd2 {[%clk 01:03:12]} {[%emt 00:04:08]} Nxf2 {[%emt
00:02:00]} 24. Rhg1 {[%clk 01:03:35]} {[%emt 00:00:03]} Qe4+ {[%clk 01:02:44]}
{[%emt 00:02:19]} 25. Kc1 {[%clk 01:03:11]} {[%emt 00:00:54]} Nxd1 {[%clk
00:55:07]} {[%emt 00:08:06]} 26. Rxd1 {[%clk 01:03:12]} {[%emt 00:00:30]} Qa8
{[%clk 00:51:53]} {[%emt 00:03:45]} 27. Kb1 {[%clk 01:02:44]} {[%emt 00:00:57]}
Rb8 {[%clk 00:51:23]} {[%emt 00:01:01]} 28. Qc2 {[%clk 01:02:12]} {[%emt
00:01:01]} Bb4 {[%clk 00:50:16]} {[%emt 00:01:38]} 29. Qe4 {[%clk 00:58:50]}
{[%emt 00:03:51]} Qa7 {[%clk 00:48:37]} {[%emt 00:02:09]} 30. Qc2 {[%clk
00:54:46]} {[%emt 00:04:35]} Ba3 {[%clk 00:46:36]} {[%emt 00:02:31]} 31. Bc1
{[%clk 00:53:14]} {[%emt 00:02:02]} Qc7 {[%clk 00:45:29]} {[%emt 00:01:37]} 32.
Nb5 {[%clk 00:52:30]} {[%emt 00:01:13]} Qa5 {[%clk 00:43:52]} {[%emt 00:02:07]}
33. Nxa3 {[%clk 00:51:24]} {[%emt 00:01:37]} g6 {[%clk 00:42:26]} {[%emt
00:01:55]} 34. Nc4 {[%emt 00:02:29]} Qa6 {[%clk 00:40:10]} {[%emt 00:00:46]}
35. Nxe5 {[%clk 00:50:03]} {[%emt 00:01:53]} Ra8 {[%clk 00:38:59]} {[%emt
00:01:39]} 36. a3 {[%clk 00:50:08]} {[%emt 00:00:23]} Qb5 {[%clk 00:38:13]}
{[%emt 00:01:19]} 37. Re1 {[%clk 00:48:54]} {[%emt 00:01:41]} Rxa3 {[%clk
00:37:02]} {[%emt 00:01:44]} 38. Bh6 {[%clk 00:46:57]} {[%emt 00:02:23]} Ra8
{[%emt 00:02:57]} 39. Qc4 {[%clk 00:45:28]} {[%emt 00:00:14]} Ra1+ {[%clk
00:32:59]} {[%emt 00:03:55]} 40. Kxa1 {[%clk 00:45:45]} {[%emt 00:00:14]} Qa5+
{[%clk 00:32:51]} {[%emt 00:00:39]} 41. Kb1 {[%clk 00:45:31]} {[%emt 00:00:43]}
Qxe1+ {[%clk 00:32:48]} {[%emt 00:00:32]} 42. Qc1 {[%clk 00:45:45]} {[%emt
00:00:16]} Qe4+ {[%clk 00:31:05]} {[%emt 00:02:08]} 43. Qc2 {[%clk 00:44:48]}
{[%emt 00:01:32]} Qe1+ {[%clk 00:29:54]} {[%emt 00:01:41]} 44. Ka2 {[%clk
00:44:58]} {[%emt 00:00:20]} Qa5+ {[%clk 00:30:06]} {[%emt 00:00:19]} 45. Kb3
{[%clk 00:45:19]} {[%emt 00:00:07]} Qb5+ {[%clk 00:29:48]} {[%emt 00:00:49]}
46. Ka3 {[%clk 00:45:13]} {[%emt 00:00:37]} Qa5+ {[%clk 00:29:51]} {[%emt
00:00:26]} 47. Qa4 {[%clk 00:45:36]} {[%emt 00:00:07]} Qc5+ {[%clk 00:29:35]}
{[%emt 00:00:47]} 48. b4 {[%clk 00:45:48]} {[%emt 00:00:18]} Qc3+ {[%clk
00:29:12]} {[%emt 00:00:52]} 49. Qb3 {[%clk 00:45:48]} {[%emt 00:00:31]} Qxe5
{[%clk 00:28:46]} {[%emt 00:00:56]} 50. Qb2 {[%clk 00:46:07]} {[%emt 00:00:10]}
f6 {[%clk 00:23:43]} {[%emt 00:05:34]} 51. Qxe5 {[%clk 00:46:23]} {[%emt
00:00:13]} fxe5 {[%clk 00:24:02]} {[%emt 00:00:11]} 52. b5 {[%clk 00:46:45]}
{[%emt 00:00:08]} g5 {[%clk 00:24:10]} {[%emt 00:00:23]} 53. Bxg5 {[%clk
00:47:06]} {[%emt 00:00:08]} e4 {[%clk 00:24:34]} {[%emt 00:00:07]} 54. b6
{[%clk 00:47:34]} {[%emt 00:00:01]} e3 {[%clk 00:24:46]} {[%emt 00:00:18]} 55.
Bxe3 {[%clk 00:48:00]} {[%emt 00:00:04]} h6 {[%clk 00:24:50]} {[%emt 00:00:27]}
56. b7 {[%clk 00:48:11]} {[%emt 00:00:16]} Kg7 {[%clk 00:24:36]} {[%emt
00:00:47]} 57. b8=Q {[%clk 00:48:32]} {[%emt 00:00:09]} Kg6 {[%clk 00:24:41]}
{[%emt 00:00:24]} 58. Qf4 {[%clk 00:48:48]} {[%emt 00:00:13]} Kh5 {[%clk
00:24:35]} {[%emt 00:00:37]} 59. Qxh6+ {[%clk 00:49:03]} {[%emt 00:00:15]} Kg4
{[%clk 00:24:50]} {[%emt 00:00:15]} 60. Qf4+ {[%clk 00:49:18]} {[%emt
00:00:12]} Kh3 {[%clk 00:25:08]} {[%emt 00:00:15]} 61. Qg3 {[%clk 00:49:40]}
{[%emt 00:00:08]} 1-0

[Event "ODJM C 2025"]
[Site "Willingen GER"]
[Date "2025.06.11"]
[Round "5"]
[White "Englert, Ann"]
[Black "Surmann, Lukas"]
[Result "1-0"]
[Termination "normal"]
[Board "15"]
[WhiteElo "1614"]
[BlackElo "1084"]
[WhiteClock "01:13:51"]
[BlackClock "01:08:04"]
[PlyCount "51"]
[WhiteFideId "34606181"]
[BlackFideId "34649360"]
[EventCountry "GER"]
[EventRounds "9"]
[EventType "swiss"]
[EventDate "2025.06.07"]

1. d4 {[%clk 01:30:57]} {[%emt 00:00:03]} e6 {[%clk 01:30:51]} {[%emt
00:00:10]} 2. c4 {[%clk 01:31:17]} {[%emt 00:00:09]} d5 {[%clk 01:31:16]}
{[%emt 00:00:06]} 3. Nf3 {[%clk 01:31:29]} {[%emt 00:00:18]} Nc6 {[%clk
01:30:46]} {[%emt 00:01:00]} 4. cxd5 {[%clk 01:31:13]} {[%emt 00:00:47]} exd5
{[%clk 01:31:02]} {[%emt 00:00:14]} 5. Nc3 {[%clk 01:30:57]} {[%emt 00:00:45]}
Nf6 {[%clk 01:30:56]} {[%emt 00:00:36]} 6. Bg5 {[%clk 01:30:15]} {[%emt
00:01:09]} Be7 {[%clk 01:31:04]} {[%emt 00:00:24]} 7. e3 {[%clk 01:29:51]}
{[%emt 00:00:54]} h6 {[%clk 01:31:16]} {[%emt 00:00:18]} 8. Bh4 {[%clk
01:29:37]} {[%emt 00:00:45]} Bf5 {[%clk 01:31:14]} {[%emt 00:00:32]} 9. Qb3
{[%clk 01:28:06]} {[%emt 00:02:00]} Na5 {[%clk 01:25:37]} {[%emt 00:06:07]} 10.
Qa4+ {[%clk 01:25:54]} {[%emt 00:02:40]} c6 {[%clk 01:25:53]} {[%emt 00:00:17]}
11. b4 {[%clk 01:24:14]} {[%emt 00:02:10]} Nc4 {[%clk 01:24:56]} {[%emt
00:01:28]} 12. Bxc4 {[%clk 01:24:25]} {[%emt 00:00:18]} dxc4 {[%clk 01:24:51]}
{[%emt 00:00:34]} 13. b5 {[%clk 01:23:36]} {[%emt 00:01:19]} Bd7 {[%clk
01:20:26]} {[%emt 00:04:56]} 14. Qxc4 {[%clk 01:21:36]} {[%emt 00:02:29]} cxb5
{[%clk 01:17:51]} {[%emt 00:03:06]} 15. Qd3 {[%clk 01:20:05]} {[%emt 00:01:59]}
Bc6 {[%clk 01:17:02]} {[%emt 00:01:20]} 16. Bxf6 {[%clk 01:18:21]} {[%emt
00:02:14]} Bxf6 {[%clk 01:17:06]} {[%emt 00:00:28]} 17. Rb1 {[%clk 01:17:43]}
{[%emt 00:01:08]} O-O {[%clk 01:15:54]} {[%emt 00:01:41]} 18. Nxb5 {[%clk
01:16:43]} {[%emt 00:01:30]} Bxf3 {[%clk 01:15:36]} {[%emt 00:00:48]} 19. gxf3
{[%clk 01:17:00]} {[%emt 00:00:13]} a6 {[%clk 01:13:01]} {[%emt 00:03:05]} 20.
Nc3 {[%clk 01:16:29]} {[%emt 00:01:00]} Re8 {[%clk 01:12:46]} {[%emt 00:00:45]}
21. Ne4 {[%clk 01:15:50]} {[%emt 00:01:09]} g6 {[%clk 01:11:18]} {[%emt
00:01:58]} 22. Rxb7 {[%clk 01:14:51]} {[%emt 00:01:29]} Bg7 {[%clk 01:10:11]}
{[%emt 00:01:36]} 23. Qc4 {[%clk 01:13:11]} {[%emt 00:02:08]} Qa5+ {[%clk
01:08:16]} {[%emt 00:02:27]} 24. Ke2 {[%clk 01:13:07]} {[%emt 00:00:33]} Rac8
{[%clk 01:07:53]} {[%emt 00:00:54]} 25. Qxf7+ {[%clk 01:13:27]} {[%emt
00:00:11]} Kh8 {[%clk 01:08:04]} {[%emt 00:00:19]} 26. Qxg7# {[%clk 01:13:51]}
{[%emt 00:00:05]} 1-0

[Event "ODJM C 2025"]
[Site "Willingen GER"]
[Date "2025.06.11"]
[Round "5"]
[White "Eßers, Mathilda Marie"]
[Black "Bathmann, Severin"]
[Result "1/2-1/2"]
[Termination "normal"]
[Board "16"]
[WhiteElo "1463"]
[BlackElo "1107"]
[WhiteClock "00:57:36"]
[BlackClock "00:29:41"]
[PlyCount "173"]
[WhiteFideId "34684093"]
[BlackFideId "34697276"]
[EventCountry "GER"]
[EventRounds "9"]
[EventType "swiss"]
[EventDate "2025.06.07"]

1. d4 {[%clk 01:30:58]} {[%emt 00:00:01]} d5 {[%clk 01:30:51]} {[%emt
00:00:09]} 2. Nf3 {[%clk 01:31:23]} {[%emt 00:00:05]} e6 {[%clk 01:25:00]}
{[%emt 00:06:22]} 3. Bf4 {[%clk 01:30:30]} {[%emt 00:01:21]} c5 {[%clk
01:24:52]} {[%emt 00:00:39]} 4. c3 {[%clk 01:30:32]} {[%emt 00:00:29]} Nc6
{[%clk 01:24:55]} {[%emt 00:00:27]} 5. Nbd2 {[%clk 01:28:28]} {[%emt 00:02:34]}
Be7 {[%clk 01:19:01]} {[%emt 00:06:24]} 6. e3 {[%clk 01:27:34]} {[%emt
00:01:24]} Nf6 {[%emt 00:00:22]} 7. Bd3 {[%clk 01:26:31]} {[%emt 00:01:29]} Nh5
{[%clk 01:16:11]} {[%emt 00:03:31]} 8. Bg3 {[%clk 01:25:34]} {[%emt 00:01:27]}
Nxg3 {[%clk 01:16:29]} {[%emt 00:00:12]} 9. hxg3 {[%clk 01:25:58]} {[%emt
00:00:06]} Qb6 {[%clk 01:10:14]} {[%emt 00:06:46]} 10. Qb3 {[%clk 01:25:40]}
{[%emt 00:00:48]} Qxb3 {[%clk 01:08:30]} {[%emt 00:02:14]} 11. axb3 {[%clk
01:26:01]} {[%emt 00:00:09]} h6 {[%clk 01:07:43]} {[%emt 00:01:16]} 12. Ne5
{[%clk 01:25:02]} {[%emt 00:01:29]} Nxe5 {[%clk 01:07:41]} {[%emt 00:00:32]}
13. dxe5 {[%clk 01:25:23]} {[%emt 00:00:09]} O-O {[%clk 01:07:41]} {[%emt
00:00:31]} 14. c4 {[%clk 01:25:37]} {[%emt 00:00:16]} Rd8 {[%clk 01:06:33]}
{[%emt 00:01:38]} 15. Nf3 {[%clk 01:20:44]} {[%emt 00:05:23]} b6 {[%clk
01:05:18]} {[%emt 00:01:46]} 16. O-O-O {[%clk 01:19:41]} {[%emt 00:01:31]} dxc4
{[%clk 01:05:10]} {[%emt 00:00:39]} 17. Bxc4 {[%clk 01:19:50]} {[%emt
00:00:20]} Bb7 {[%clk 01:05:04]} {[%emt 00:00:37]} 18. Rxd8+ {[%clk 01:19:49]}
{[%emt 00:00:31]} Rxd8 {[%clk 01:05:14]} {[%emt 00:00:20]} 19. Rd1 {[%clk
01:19:54]} {[%emt 00:00:23]} Rxd1+ {[%clk 01:04:15]} {[%emt 00:01:30]} 20. Kxd1
{[%clk 01:20:17]} {[%emt 00:00:07]} Bxf3+ {[%clk 01:04:01]} {[%emt 00:00:43]}
21. gxf3 {[%clk 01:20:41]} {[%emt 00:00:07]} g5 {[%clk 01:03:53]} {[%emt
00:00:39]} 22. g4 {[%clk 01:20:07]} {[%emt 00:01:04]} a5 {[%clk 01:03:08]}
{[%emt 00:01:15]} 23. Ke2 {[%clk 01:17:59]} {[%emt 00:02:34]} Kg7 {[%clk
01:02:50]} {[%emt 00:00:51]} 24. Bd3 {[%clk 01:17:46]} {[%emt 00:00:43]} f6
{[%clk 01:02:06]} {[%emt 00:01:14]} 25. exf6+ {[%clk 01:18:08]} {[%emt
00:00:08]} Kxf6 {[%clk 01:02:26]} {[%emt 00:00:10]} 26. Kd2 {[%clk 01:18:09]}
{[%emt 00:00:29]} e5 {[%clk 01:02:23]} {[%emt 00:00:33]} 27. Kc3 {[%clk
01:18:26]} {[%emt 00:00:13]} Ke6 {[%clk 01:02:28]} {[%emt 00:00:24]} 28. Kc4
{[%clk 01:18:46]} {[%emt 00:00:11]} Kd6 {[%clk 01:02:39]} {[%emt 00:00:19]} 29.
Kb5 {[%clk 01:18:21]} {[%emt 00:00:55]} Kc7 {[%clk 01:02:43]} {[%emt 00:00:26]}
30. Bf5 {[%clk 01:17:34]} {[%emt 00:01:13]} Bf6 {[%clk 00:59:59]} {[%emt
00:03:18]} 31. Bg6 {[%clk 01:15:33]} {[%emt 00:02:31]} Be7 {[%clk 00:52:01]}
{[%emt 00:08:28]} 32. Bf5 {[%clk 01:13:54]} {[%emt 00:02:02]} Bd6 {[%clk
00:50:39]} {[%emt 00:01:58]} 33. Be4 {[%clk 01:08:34]} {[%emt 00:05:45]} Be7
{[%clk 00:49:07]} {[%emt 00:02:08]} 34. Kc4 {[%clk 01:04:32]} {[%emt 00:04:32]}
Kd6 {[%clk 00:48:49]} {[%emt 00:00:47]} 35. Bb7 {[%clk 01:03:49]} {[%emt
00:01:08]} Bf6 {[%clk 00:38:13]} {[%emt 00:11:12]} 36. Be4 {[%clk 00:54:42]}
{[%emt 00:09:36]} Bg7 {[%clk 00:37:48]} {[%emt 00:00:55]} 37. Kb5 {[%clk
00:50:54]} {[%emt 00:04:00]} Kc7 {[%clk 00:38:09]} {[%emt 00:00:28]} 38. Kc4
{[%clk 00:51:02]} {[%emt 00:00:21]} Kb8 {[%clk 00:38:34]} {[%emt 00:00:06]} 39.
Bc6 {[%clk 00:51:12]} {[%emt 00:00:19]} e4 {[%clk 00:38:32]} {[%emt 00:00:32]}
40. Bxe4 {[%clk 00:51:29]} {[%emt 00:00:12]} Bxb2 {[%clk 00:38:55]} {[%emt
00:00:08]} 41. Bc6 {[%clk 00:50:49]} {[%emt 00:01:09]} Be5 {[%clk 00:38:47]}
{[%emt 00:00:39]} 42. Kd5 {[%clk 00:51:09]} {[%emt 00:00:09]} Bh2 {[%clk
00:38:53]} {[%emt 00:00:25]} 43. e4 {[%clk 00:51:28]} {[%emt 00:00:11]} Kc7
{[%clk 00:37:58]} {[%emt 00:01:24]} 44. Bb5 {[%clk 00:49:13]} {[%emt 00:02:45]}
Bf4 {[%clk 00:32:00]} {[%emt 00:06:29]} 45. e5 {[%clk 00:49:22]} {[%emt
00:00:21]} Kd8 {[%clk 00:31:00]} {[%emt 00:01:29]} 46. Ke6 {[%clk 00:49:45]}
{[%emt 00:00:08]} Bxe5 {[%clk 00:30:51]} {[%emt 00:00:39]} 47. Kxe5 {[%clk
00:50:09]} {[%emt 00:00:05]} Ke7 {[%clk 00:31:11]} {[%emt 00:00:11]} 48. Kf5
{[%clk 00:50:33]} {[%emt 00:00:05]} Kf7 {[%clk 00:31:11]} {[%emt 00:00:32]} 49.
f4 {[%clk 00:50:22]} {[%emt 00:00:40]} gxf4 {[%clk 00:31:12]} {[%emt 00:00:29]}
50. Kxf4 {[%clk 00:50:46]} {[%emt 00:00:05]} Kf6 {[%clk 00:31:21]} {[%emt
00:00:22]} 51. Ke4 {[%clk 00:50:55]} {[%emt 00:00:21]} Ke6 {[%clk 00:30:50]}
{[%emt 00:01:02]} 52. f4 {[%clk 00:51:16]} {[%emt 00:00:08]} Kd6 {[%clk
00:28:59]} {[%emt 00:02:21]} 53. f5 {[%clk 00:51:23]} {[%emt 00:00:22]} c4
{[%clk 00:28:24]} {[%emt 00:01:06]} 54. bxc4 {[%clk 00:51:37]} {[%emt
00:00:16]} Kc5 {[%clk 00:28:50]} {[%emt 00:00:05]} 55. f6 {[%clk 00:51:57]}
{[%emt 00:00:09]} Kb4 {[%clk 00:29:11]} {[%emt 00:00:08]} 56. f7 {[%clk
00:52:22]} {[%emt 00:00:06]} a4 {[%clk 00:29:17]} {[%emt 00:00:24]} 57. f8=Q+
{[%clk 00:52:16]} {[%emt 00:00:37]} Kb3 {[%clk 00:29:16]} {[%emt 00:00:30]} 58.
Bxa4+ {[%clk 00:52:18]} {[%emt 00:00:27]} Kxa4 {[%clk 00:29:40]} {[%emt
00:00:07]} 59. Qf3 {[%clk 00:52:30]} {[%emt 00:00:17]} Kb4 {[%clk 00:29:49]}
{[%emt 00:00:22]} 60. Qb3+ {[%clk 00:52:53]} {[%emt 00:00:07]} Kxb3 {[%clk
00:29:49]} {[%emt 00:00:30]} 61. Kd5 {[%clk 00:52:17]} {[%emt 00:01:01]} Kb4
{[%clk 00:30:08]} {[%emt 00:00:17]} 62. Kd4 {[%clk 00:52:25]} {[%emt 00:00:22]}
Kb3 {[%clk 00:29:52]} {[%emt 00:00:45]} 63. Kd5 {[%clk 00:52:36]} {[%emt
00:00:19]} Kc3 {[%clk 00:29:59]} {[%emt 00:00:23]} 64. Ke6 {[%clk 00:51:55]}
{[%emt 00:01:11]} Kxc4 {[%clk 00:30:21]} {[%emt 00:00:08]} 65. Kf6 {[%clk
00:52:06]} {[%emt 00:00:19]} b5 {[%clk 00:30:44]} {[%emt 00:00:07]} 66. Kg6
{[%clk 00:52:29]} {[%emt 00:00:07]} b4 {[%clk 00:31:08]} {[%emt 00:00:07]} 67.
Kxh6 {[%clk 00:52:53]} {[%emt 00:00:05]} b3 {[%clk 00:31:29]} {[%emt 00:00:09]}
68. g5 {[%clk 00:53:19]} {[%emt 00:00:04]} b2 {[%clk 00:31:49]} {[%emt
00:00:11]} 69. g6 {[%clk 00:53:36]} {[%emt 00:00:12]} b1=Q {[%clk 00:32:04]}
{[%emt 00:00:12]} 70. g7 {[%clk 00:54:00]} {[%emt 00:00:08]} Qh1+ {[%clk
00:32:21]} {[%emt 00:00:14]} 71. Kg6 {[%clk 00:54:24]} {[%emt 00:00:06]} Qg2+
{[%clk 00:32:48]} {[%emt 00:00:03]} 72. Kh6 {[%clk 00:54:39]} {[%emt 00:00:16]}
Qh3+ {[%clk 00:33:04]} {[%emt 00:00:13]} 73. Kg6 {[%clk 00:55:02]} {[%emt
00:00:07]} Qg4+ {[%clk 00:33:07]} {[%emt 00:00:28]} 74. Kf7 {[%clk 00:55:21]}
{[%emt 00:00:11]} Qf5+ {[%clk 00:33:13]} {[%emt 00:00:23]} 75. Kg8 {[%clk
00:55:44]} {[%emt 00:00:06]} Qg6 {[%clk 00:32:31]} {[%emt 00:01:14]} 76. Kf8
{[%clk 00:56:00]} {[%emt 00:00:13]} Qf6+ {[%clk 00:32:44]} {[%emt 00:00:17]}
77. Kg8 {[%clk 00:55:26]} {[%emt 00:00:15]} Kd4 {[%clk 00:32:37]} {[%emt
00:01:26]} 78. Kh7 {[%clk 00:55:31]} {[%emt 00:00:25]} Qf7 {[%clk 00:32:36]}
{[%emt 00:00:32]} 79. Kh8 {[%clk 00:55:48]} {[%emt 00:00:07]} Qf6 {[%clk
00:32:51]} {[%emt 00:00:19]} 80. Kh7 {[%clk 00:56:10]} {[%emt 00:00:10]} Qf7
{[%clk 00:32:26]} {[%emt 00:00:55]} 81. Kh8 {[%clk 00:56:34]} {[%emt 00:00:05]}
Qh5+ {[%clk 00:31:41]} {[%emt 00:01:15]} 82. Kg8 {[%clk 00:56:56]} {[%emt
00:00:08]} Qh6 {[%clk 00:31:54]} {[%emt 00:00:17]} 83. Kf7 {[%clk 00:57:16]}
{[%emt 00:00:10]} Ke5 {[%clk 00:30:55]} {[%emt 00:01:29]} 84. g8=Q {[%clk
00:57:14]} {[%emt 00:00:32]} Qe6+ {[%clk 00:31:10]} {[%emt 00:00:14]} 85. Kf8
{[%clk 00:57:29]} {[%emt 00:00:15]} Qc8+ {[%clk 00:30:05]} {[%emt 00:01:36]}
86. Kg7 {[%clk 00:57:43]} {[%emt 00:00:16]} Qxg8+ {[%clk 00:29:41]} {[%emt
00:00:54]} 87. Kxg8 {[%clk 00:57:36]} {[%emt 00:00:05]} 1/2-1/2